000 00822nam a2200217Ia 4500
999 _c47414
_d47414
001 14276
003 GE_BSU
005 20221121143625.0
008 181216s2006||||enk|||||||||||||| ||eng||
020 _a9780749444990x
040 _cGE_BSU
050 _aeng
080 _a656.13 M-70
100 _aMiller, John
_915965
245 _aPractical Teaching Skills for driving instructors :
_bA training manual for the ADI Examination & the check Test /
_cJohn Miller.
264 _aLondon :
_bKogan Page,
_c2006.
300 _a258 p.;
_b24 cm.
653 _aპრაქტიკული სწავლების უნარები მართვის ინსტრუქტორებისთვის
653 _aპრაქტიკული სწავლების უნარი
942 _cBK
_2udc